header

Bloomsbury and France (Record no. 90553)

MARC details
000 -LEADER
fixed length control field 01423nam a2200349 a 4500
082 04 - DEWEY DECIMAL CLASSIFICATION NUMBER
Classification number 820.9/00912
100 1# - MAIN ENTRY--AUTHOR NAME
Personal name Caws, Mary Ann.
245 10 - TITLE STATEMENT
Title Bloomsbury and France
260 ## - PUBLICATION, DISTRIBUTION, ETC. (IMPRINT)
Place of publication New York :
Name of publisher Oxford University Press,
Year of publication 2000.
300 ## - PHYSICAL DESCRIPTION
Number of Pages xviii, 430 p. :
Other physical details ill. (some col.), map.
650 #0 - SUBJECT ADDED ENTRY--TOPICAL TERM
Topical Term Bloomsbury group.
Topical Term Artists
700 1# - ADDED ENTRY--PERSONAL NAME
Personal name Wright, Sarah Bird.
856 40 - ELECTRONIC LOCATION AND ACCESS
Uniform Resource Identifier http://site.ebrary.com/lib/rucke/Doc?id=10142249

No items available.

© 2026 Rongo University
Contact us: librarian | system librarian | Rongo university